000 00821cam a2200265 a 4500
001 3159
005 20250828153448.0
020 _a9780545270144
040 _aDLC
_cDLC
_dDLC
_beng
050 0 0 _aPZ7.M4239584
_b 2001
082 0 0 _a813.54
100 1 _aMasurel, Claire
245 1 2 _aA cat and a dog /
_cby Masurel, Claire ; illustrated by Kolar, Bob
260 _aNew York :
_bScholastic ,
_c2001
300 _a31 unnumbered pages :
_bcolor illustrations ;
_c22 cm.
505 _aF
520 _aA cat and a dog are enemies until a crisis brings them together as friends.
521 _a340
_bLexile
521 _aF
_bRaz-Plus
650 1 _aCats
_vFiction
650 1 _aDogs
_vFiction
700 1 _aKolar, Bob
_eillustrator
906 _a7
_bcbc
_corignew
_d1
_eocip
_f20
_gy-gencatlg
942 _2ddc
_cBK
_n0
999 _c3159
_d3159